| 000 | 00519nam a22001817a 4500 | ||
|---|---|---|---|
| 005 | 20171106125345.0 | ||
| 010 | _aENG-121233 | ||
| 020 |
_c200.00 _a9789350451489 |
||
| 035 | _aEN-104765 | ||
| 037 | _bDBAD/PUB | ||
| 082 | _a881 | ||
| 100 | _aJohal, Ramandeep | ||
| 245 |
_aThe sea of tranquility / _cby Ramndeep Johal |
||
| 260 |
_aCalcutta _bA Writers Workshop Publication _c2016 |
||
| 270 |
_a162/92 Lake Gardens _bCalcutta _e700045 |
||
| 300 |
_a88p. _c22cm(Hb) |
||
| 942 |
_2ddc _cEN _h881 _mJOH |
||
| 999 |
_c147191 _d147191 |
||